Football en 20 GIFS #4 - Qui marque le but ? - Statistiques

Statistiques générales
  • Ce quiz a été pris 88 fois
  • Le résultat moyen est 13 sur 20
Statistiques - réponses
Hint Réponse % Correct
Anthony Martial
88%
Youssef En-Nesyri
88%
Hatem Ben Arfa
87%
Ole Gunnar Solskjær
84%
Nicolas Pallois
81%
Troy Deeney
79%
George Weah
78%
Hidetoshi Nakata
78%
Clarence Seedorf
75%
José Luis Chilavert
70%
Julian Palmieri
69%
Graziano Pellè
66%
Gylfi Sigurðsson
64%
Ahn Jung-hwan
63%
Jeremain Lens
60%
Balázs Dzsudzsák
54%
Shane Long
49%
Javier Zanetti
48%
Martin Jiránek
40%
Kento Shiogai
21%
Aucun quiz correspondant
Distribution des résultats
% des personnes avec chaque résultat
Percentile par nombre de réponses
Votre historique - résultats
Vous n’avez pas pris ce quiz